[Event "RUS-chT rapid"]
[Site "Sochi"]
[Date "2004.04.??"]
[Round "4"]
[White "Korotylev, Alexey"]
[Black "Smagin, Sergey"]
[Result "1-0"]
[WhiteElo "2547"]
[BlackElo "2570"]
[PlyCount "71"]
[EventDate "2004.04.??"]
[EventType "team (rapid)"]
[EventRounds "9"]
[EventCountry "RUS"]
[SourceTitle "EXT 2005"]
[Source "ChessBase"]
[SourceDate "2004.11.15"]
[SourceVersion "1"]
[SourceVersionDate "2004.11.15"]
[SourceQuality "1"]

1. d4 Nf6 2. Bg5 d5 3. Bxf6 exf6 4. e3 c6 5. c4 dxc4 6. Bxc4 Bd6 7. Nc3 O-O 8.
Nge2 Nd7 9. O-O f5 10. a3 Nf6 11. h3 Bc7 12. Qd3 Qd6 13. g3 f4 14. Nxf4 g5 15.
Ng2 Bxh3 16. f4 Rae8 17. Rae1 Nh5 18. Kf2 gxf4 19. gxf4 Qg6 20. Qxg6+ hxg6 21.
Rh1 Bc8 22. Nh4 Kg7 23. Nf3 Nf6 24. Ng5 Re7 25. Rh4 Nh5 26. Rg1 Kh6 27. Be2 Bf5
28. Bxh5 gxh5 29. e4 Bg6 30. f5 Rd7 31. fxg6 fxg6+ 32. Ke2 Re8 33. Nf3 Bd8 34.
Rhh1 g5 35. Ne5 Rde7 36. Rxh5+ 1-0

[Event "Belfort"]
[Site "Belfort"]
[Date "1997.??.??"]
[Round "8"]
[White "Kosten, Anthony C"]
[Black "Rozentalis, Eduardas"]
[Result "1-0"]
[WhiteElo "2530"]
[BlackElo "2645"]
[Annotator "ChessBase"]
[PlyCount "51"]
[EventDate "1997.10.??"]
[EventType "tourn"]
[EventRounds "10"]
[EventCountry "FRA"]
[EventCategory "13"]
[SourceTitle "CBM 062"]
[Source "ChessBase"]
[SourceDate "1998.01.31"]
[SourceVersion "1"]
[SourceVersionDate "1998.01.31"]
[SourceQuality "1"]

1. d4 Nf6 2. Bg5 g6 3. Bxf6 exf6 4. g3 Bg7 5. Bg2 O-O 6. c4 f5 7. Nc3 c5 8.
dxc5 Na6 9. Rc1 Nxc5 10. e3 Qb6 11. b3 Qa5 12. Qd2 f4 13. gxf4 d5 14. Bxd5 Bf5
15. e4 Rfe8 16. Nge2 Bg4 17. Ng3 Bf3 18. O-O Rad8 19. Qe3 Bg4 20. e5 Be6 21.
Rfd1 f6 $4 (21... Bg4 $142 $16) (21... b6 $142) 22. b4 $1 Qxb4 {Jetzt deckt
die Dame nicht mehr Rd8.} 23. Nge4 Nd7 (23... Nxe4 24. Bxe6+ Rxe6 $2 25. Rxd8+
$18) 24. exf6 Bf8 (24... Nxf6 25. Bxe6+ $18) 25. Bxe6+ Rxe6 26. Qh3 1-0

[Event "Tal Memorial Rapid 2019"]
[Site "Riga LAT"]
[Date "2019.07.17"]
[Round "7.8"]
[White "Kovalenko, I."]
[Black "Ziska, H."]
[Result "1-0"]
[WhiteElo "2654"]
[BlackElo "2533"]
[PlyCount "125"]
[EventDate "2019.07.16"]
[EventType "swiss (rapid)"]
[EventRounds "11"]
[EventCountry "LAT"]
[SourceTitle "The Week in Chess 1289"]
[Source "Mark Crowther"]
[SourceDate "2019.07.22"]
[SourceVersion "3"]
[SourceVersionDate "2019.08.10"]
[SourceQuality "2"]

1. d4 Nf6 2. Bg5 Ne4 3. Bf4 c5 4. f3 Qa5+ 5. c3 Nf6 6. Nd2 cxd4 7. Nb3 Qb6 8.
Qxd4 Nc6 9. Qxb6 axb6 10. Nd4 e5 11. Nxc6 dxc6 12. Bxe5 Be6 13. a3 Nd7 14. Bc7
Bb3 15. e4 Rc8 16. Bf4 Nc5 17. Nh3 Na4 18. Nf2 Rd8 19. Be2 Bc5 20. Nd3 O-O 21.
Bd1 Bc4 22. Bxa4 Bxd3 23. O-O-O b5 24. Bc2 Bc4 25. Rxd8 Rxd8 26. Rd1 Rxd1+ 27.
Kxd1 f6 28. Kd2 Bf1 29. g4 Bc4 30. Bd3 Be6 31. e5 fxe5 32. Bxe5 g6 33. h3 Kf7
34. Bd4 Bd6 35. Ke3 h6 36. f4 g5 37. f5 Bd5 38. Kf2 Bf4 39. Bf1 Bc1 40. b4 Bf4
41. Be2 Bd2 42. Bd1 Bc4 43. a4 bxa4 44. Bxa4 Bf4 45. Bd1 Bd2 46. Be2 Bb3 47. b5
Bd5 48. bxc6 Bxc6 49. Bf3 Bxf3 50. Kxf3 b5 51. Ke2 Bf4 52. Kd3 Bd6 53. Ke4 Be7
54. Bb6 b4 55. c4 b3 56. Kd3 Bf6 57. Bc5 Ke8 58. Ba3 Bg7 59. Kd2 Kd7 60. Kc1
Kc6 61. Bb2 Bf8 62. Bd4 Ba3+ 63. Kb1 1-0

[Event "Tal Memorial Rapid 2019"]
[Site "Riga LAT"]
[Date "2019.07.17"]
[Round "11.7"]
[White "Kovalenko, I."]
[Black "Lupulescu, C."]
[Result "1-0"]
[WhiteElo "2654"]
[BlackElo "2649"]
[PlyCount "119"]
[EventDate "2019.07.16"]
[EventType "swiss (rapid)"]
[EventRounds "11"]
[EventCountry "LAT"]
[SourceTitle "The Week in Chess 1289"]
[Source "Mark Crowther"]
[SourceDate "2019.07.22"]
[SourceVersion "3"]
[SourceVersionDate "2019.08.10"]
[SourceQuality "2"]

1. d4 Nf6 2. Bg5 e6 3. Nd2 h6 4. Bh4 d5 5. e3 c5 6. c3 Be7 7. Bd3 b6 8. Qe2 O-O
9. Bxf6 Bxf6 10. f4 a5 11. a4 Ba6 12. Bxa6 Nxa6 13. Ngf3 Nc7 14. h4 g6 15. g4
Bg7 16. h5 g5 17. fxg5 hxg5 18. h6 Bf6 19. Rh5 Rb8 20. Qh2 b5 21. Nb3 cxd4 22.
exd4 bxa4 23. Nc5 a3 24. Rxa3 Nb5 25. Ra2 Kh8 26. Kf1 Rb6 27. Kg1 a4 28. Nxa4
Ra6 29. Qe2 Ra5 30. Ne5 Qc7 31. Rh3 Rfa8 32. b3 Nd6 33. Nd3 Ne4 34. Nf2 e5 35.
Nxe4 dxe4 36. d5 Rxd5 37. Qxe4 Rad8 38. Rf3 Qc6 39. Re2 Qe6 40. Kg2 R8d6 41. b4
Rd2 42. Rff2 Rxe2 43. Rxe2 Be7 44. Nc5 Qd5 45. Qxd5 Rxd5 46. Kf3 Bxc5 47. Ke4
Bxb4 48. Kxd5 Bxc3 49. Ke4 Kh7 50. Rh2 Ba5 51. Rh5 f6 52. Kf5 Bd8 53. Rh1 Be7
54. Ke6 Bd8 55. Rd1 Ba5 56. Kxf6 e4 57. Rh1 e3 58. Rh2 Bc7 59. Re2 Bf4 60. Re1
1-0

[Event "1st Archibald Open 2019"]
[Site "Sochi RUS"]
[Date "2019.05.14"]
[Round "3.1"]
[White "Kovalenko, I."]
[Black "Bogdanovich, S."]
[Result "1-0"]
[WhiteElo "2663"]
[BlackElo "2581"]
[PlyCount "83"]
[EventDate "2019.05.12"]
[EventType "swiss"]
[EventRounds "9"]
[EventCountry "RUS"]
[SourceTitle "The Week in Chess 1280"]
[Source "Mark Crowther"]
[SourceDate "2019.05.20"]
[SourceVersion "1"]
[SourceVersionDate "2019.05.20"]
[SourceQuality "2"]

1. d4 Nf6 2. Bg5 d5 3. e3 c5 4. c3 Nc6 5. Nd2 e5 6. dxe5 Nxe5 7. Ngf3 Nc6 8.
Qb3 Be7 9. Rd1 O-O 10. Bxf6 Bxf6 11. Ne4 Be7 12. Rxd5 Qc7 13. Qa4 a6 14. Nxc5
b6 15. Nb3 b5 16. Qe4 Bb7 17. Rd2 Rad8 18. Qc2 Ne5 19. Be2 Bxf3 20. Bxf3 Nxf3+
21. gxf3 Rxd2 22. Qxd2 Rd8 23. Nd4 b4 24. O-O Qa5 25. Qc2 bxc3 26. bxc3 Rc8 27.
c4 g6 28. Rb1 Qc7 29. Qe4 Ba3 30. Qd3 Bd6 31. Kg2 Qa5 32. f4 Qxa2 33. Rb6 Bf8
34. Nc6 Bc5 35. Rb7 Rxc6 36. Qd5 Re6 37. Rb8+ Kg7 38. Qxc5 Qa4 39. Qf8+ Kf6 40.
Qd8+ Kg7 41. Qh8+ Kh6 42. Rg8 1-0

[Event "Josef Kupper Mem 2019"]
[Site "Zurich SUI"]
[Date "2019.08.18"]
[Round "7.3"]
[White "Kovalenko, I."]
[Black "Martirosyan, Haik M."]
[Result "1-0"]
[WhiteElo "2654"]
[BlackElo "2619"]
[PlyCount "211"]
[EventDate "2019.08.14"]
[SourceVersionDate "2018.05.14"]

1. d4 Nf6 2. Bg5 d5 3. e3 Nbd7 4. Nf3 c5 5. c3 e6 6. Nbd2 Be7 7. Bd3 h6 8. Bf4
Nh5 9. Be5 Nhf6 10. Bg3 b6 11. Ne5 Bb7 12. f4 c4 13. Bc2 b5 14. O-O O-O 15. Qf3
Nb6 16. f5 exf5 17. Qxf5 Bc8 18. Qf3 Bb7 19. Bf4 Ne4 20. Nxe4 dxe4 21. Bxe4
Bxe4 22. Qxe4 f5 23. Qf3 Rf6 24. h4 Qd5 25. Qh5 Qe6 26. Rf3 Nd5 27. Rg3 Bd6 28.
Rf1 Rd8 29. Qf3 a6 30. Rf2 Bxe5 31. Bxe5 Rg6 32. h5 Rxg3 33. Qxg3 Rd7 34. Qh3
Rf7 35. e4 Ne7 36. Rf3 a5 37. Rg3 b4 38. Rf3 Kh7 39. exf5 Nxf5 40. Qg4 bxc3 41.
bxc3 Kg8 42. Rf1 Qd7 43. Rb1 Rf8 44. Rb6 Qe7 45. Rg6 Rf7 46. Qe4 Qa3 47. Qc2
Ne3 48. Qd2 Rf1+ 49. Kh2 Nf5 50. Qc2 Qc1 51. Qxc1 Rxc1 52. d5 Rd1 53. d6 Rd5
54. Bf4 Kf7 55. d7 Rxd7 56. Rc6 Rd3 57. Rxc4 Ne3 58. Bxe3 Rxe3 59. a4 Kf6 60.
Rc5 Ke6 61. g3 Re5 62. Rxe5+ Kxe5 63. Kh3 Kd5 64. Kg4 Kc4 65. Kf5 Kb3 66. Kg6
Kxa4 67. Kxg7 Kb3 68. Kxh6 a4 69. Kg6 a3 70. h6 a2 71. h7 a1=Q 72. h8=Q Qb1+
73. Kg7 Qf5 74. Qb8+ Kxc3 75. Qf4 Qd7+ 76. Kg6 Qe8+ 77. Kg5 Qg8+ 78. Kh4 Qh7+
79. Kg4 Qg6+ 80. Kf3 Qc6+ 81. Qe4 Qf6+ 82. Kg2 Qg5 83. Qf4 Qg6 84. g4 Kb2 85.
g5 Ka2 86. Kg3 Qd3+ 87. Qf3 Qd6+ 88. Kh4 Qd4+ 89. Kg3 Qd6+ 90. Kg2 Qg6 91. Qf6
Qe4+ 92. Kg3 Qe3+ 93. Kg4 Qe4+ 94. Kh5 Qh7+ 95. Qh6 Qf7+ 96. Qg6 Qf3+ 97. Kh6
Qh3+ 98. Kg7 Ka1 99. Qa6+ Kb1 100. Qb5+ Ka1 101. Qa4+ Kb1 102. Qb4+ Ka1 103.
Qd4+ Kb1 104. g6 Qe6 105. Qd3+ Ka1 106. Qf1+ 1-0

[Event "Kusadasi op"]
[Site "Kusadasi"]
[Date "1990.??.??"]
[Round "6"]
[White "Krasenkow, Michal"]
[Black "Velimirovic, Dragoljub"]
[Result "1-0"]
[WhiteElo "2545"]
[BlackElo "2525"]
[PlyCount "46"]
[EventDate "1990.04.??"]
[EventType "swiss"]
[EventRounds "9"]
[EventCountry "TUR"]
[SourceTitle "EXT 2000"]
[Source "ChessBase"]
[SourceDate "1999.11.16"]
[SourceVersion "1"]
[SourceVersionDate "1999.11.16"]
[SourceQuality "1"]

1. d4 Nf6 2. Bg5 e6 3. e3 c5 4. Nd2 Nc6 5. Ngf3 Be7 6. c3 b6 7. Bd3 Bb7 8. O-O
h6 9. Bh4 g6 10. Bg3 h5 11. Ng5 h4 12. Be5 Rg8 13. f4 cxd4 14. cxd4 h3 15. Bxf6
Bxf6 16. Nde4 hxg2 17. Rf2 Qe7 18. Qh5 Nd8 19. Rxg2 Rc8 20. Qh6 Bg7 21. Qh7 Kf8
22. Qh5 Rh8 23. Qxh8+ Bxh8 1-0

[Event "Vl Eljanov Mem Final 2020"]
[Site "chess.com INT"]
[Date "2020.10.29"]
[Round "1.2"]
[White "Kryakvin, D."]
[Black "Postny, E."]
[Result "1-0"]
[WhiteElo "2577"]
[BlackElo "2603"]
[PlyCount "57"]
[EventDate "2020.10.29"]
[EventType "k.o. (blitz)"]
[EventRounds "3"]
[SourceTitle "The Week in Chess 1356"]
[Source "Mark Crowther"]
[SourceDate "2020.11.02"]
[SourceVersion "1"]
[SourceVersionDate "2020.11.02"]
[SourceQuality "2"]

1. d4 Nf6 2. Bg5 d5 3. e3 Bf5 4. Bxf6 exf6 5. Bd3 Bxd3 6. Qxd3 c6 7. Nf3 Bd6 8.
O-O O-O 9. b3 g6 10. c4 dxc4 11. bxc4 Nd7 12. Nc3 Re8 13. Rab1 Qc7 14. c5 Bf8
15. Rfc1 Rad8 16. Qc4 f5 17. g3 Bg7 18. Kg2 Nf6 19. Qb3 Re7 20. Ne5 h5 21. h4
Kh7 22. Rc2 Ne8 23. Nf3 Kg8 24. d5 Red7 25. d6 Qc8 26. Ne2 b6 27. Nf4 Kh7 28.
Ng5+ Kh6 29. Nxf7+ 1-0

[Event "PAL/CSS Freestyle op 2nd"]
[Site "playchess.com INT"]
[Date "2006.03.19"]
[Round "5"]
[White "Lammers, Markus"]
[Black "Relic"]
[Result "1-0"]
[WhiteElo "2512"]
[BlackElo "2524"]
[PlyCount "113"]
[EventDate "2006.03.18"]
[EventType "swiss (rapid)"]
[EventRounds "9"]
[EventCountry "GER"]
[SourceTitle "EXT 2007"]
[Source "ChessBase"]
[SourceDate "2006.11.23"]
[SourceVersion "1"]
[SourceVersionDate "2006.11.23"]
[SourceQuality "1"]

1. d4 Nf6 2. Bg5 e6 3. e4 h6 4. Bxf6 Qxf6 5. Nf3 d5 6. e5 Qd8 7. Nbd2 Be7 8.
Bd3 O-O 9. O-O b6 10. Qe2 c5 11. c3 Bb7 12. a3 c4 13. Bc2 b5 14. Ne1 Qa5 15.
Rb1 Nc6 16. f4 Qb6 17. Kh1 a5 18. Qg4 b4 19. Rf3 Kh8 20. Rg3 Rg8 21. Nef3 b3
22. Bd1 Qd8 23. Nf1 g6 24. Ne3 Rg7 25. Be2 Rh7 26. Rf1 a4 27. Qh3 Na7 28. Nd2
Nb5 29. Nb1 h5 30. Rgf3 Qa5 31. Qg3 Bc6 32. Qf2 Rd8 33. Rh3 Kg7 34. f5 Kh8 35.
f6 Bf8 36. Bxh5 Qa7 37. Qg3 gxh5 38. Rf4 Bh6 39. Rxh5 Rg8 40. Qh3 Rg6 41. Rfh4
Kg8 42. Rxh6 Rgxh6 43. Rxh6 Kf8 44. Rxh7 Ke8 45. Rh8+ Kd7 46. Qh7 Nd6 47. exd6
Kxd6 48. Rd8+ Bd7 49. Qxf7 Qc7 50. Qe7+ Kc6 51. f7 Bc8 52. Qxc7+ Kxc7 53. f8=Q
Bd7 54. Qe7 Kb6 55. Qc5+ Ka6 56. Rxd7 e5 57. Ra7# 1-0

[Event "Novy Bor m rapid"]
[Site "Novy Bor"]
[Date "2017.09.12"]
[Round "2"]
[White "Laznicka, Viktor"]
[Black "Ragger, Markus"]
[Result "1-0"]
[WhiteElo "2654"]
[BlackElo "2659"]
[PlyCount "156"]
[EventDate "2017.09.12"]
[EventType "match (rapid)"]
[EventRounds "12"]
[EventCountry "CZE"]
[SourceTitle "EXT 2018"]
[Source "ChessBase"]
[SourceDate "2017.10.13"]
[SourceVersion "1"]
[SourceVersionDate "2017.10.13"]
[SourceQuality "1"]

1. d4 Nf6 2. Bg5 d5 3. e3 c5 4. c3 Nc6 5. Nd2 e5 6. dxe5 Nxe5 7. Ngf3 Nc6 8.
Bd3 Be7 9. Qc2 Be6 10. O-O h6 11. Bh4 O-O 12. Rad1 Re8 13. Rfe1 Qb6 14. a3 a5
15. c4 Rad8 16. cxd5 Nxd5 17. Nc4 Qa7 18. Bxe7 Rxe7 19. Nce5 Nxe5 20. Nxe5 Qb8
21. f4 Qc7 22. Bh7+ Kf8 23. Bf5 Bxf5 24. Qxf5 Nf6 25. g4 Rde8 26. Re2 Rxe5 27.
fxe5 Rxe5 28. Qf4 Nxg4 29. Red2 Nf6 30. Rd8+ Ke7 31. h4 g5 32. Rc8 Qxc8 33.
Qxe5+ Kf8 34. Rd6 Qg4+ 35. Kf1 Qh3+ 36. Ke2 Qg2+ 37. Kd1 Qf1+ 38. Kd2 Qg2+ 39.
Kc1 Qf1+ 40. Kd2 Qg2+ 41. Kd3 Qf1+ 42. Kc3 Qc1+ 43. Kb3 Ne8 44. Rd8 a4+ 45.
Kxa4 Qc4+ 46. b4 Qa6+ 47. Kb3 c4+ 48. Kb2 Qa4 49. Qc5+ Kg7 50. Qxc4 Nf6 51.
hxg5 hxg5 52. Rd6 Qe8 53. Qd4 Qe7 54. e4 b5 55. a4 bxa4 56. b5 g4 57. e5 Ne8
58. Qxg4+ Kf8 59. Rd5 Nc7 60. Qc8+ Kg7 61. Qg4+ Kf8 62. Rd4 Qxe5 63. b6 Ne6 64.
b7 a3+ 65. Kxa3 Nxd4 66. Qc8+ Kg7 67. b8=Q Qa5+ 68. Kb2 Qd2+ 69. Kb1 Qd3+ 70.
Kc1 Qe3+ 71. Kb1 Qd3+ 72. Ka2 Qd2+ 73. Qb2 Qa5+ 74. Kb1 Qe1+ 75. Qcc1 Qe4+ 76.
Ka1 Qa8+ 77. Kb1 Qe4+ 78. Ka2 Qd5+ 1-0

[Event "Rubinstein Memorial 38th"]
[Site "Polanica Zdroj"]
[Date "2006.08.22"]
[Round "3"]
[White "Laznicka, Viktor"]
[Black "Zubarev, Alexander2"]
[Result "1-0"]
[WhiteElo "2602"]
[BlackElo "2518"]
[PlyCount "59"]
[EventDate "2006.08.20"]
[EventType "tourn"]
[EventRounds "9"]
[EventCountry "POL"]
[EventCategory "13"]
[SourceTitle "CBM 113 Extra"]
[Source "ChessBase"]
[SourceDate "2006.09.14"]
[SourceVersion "1"]
[SourceVersionDate "2006.09.14"]
[SourceQuality "1"]

1. d4 Nf6 2. Bg5 Ne4 3. Bf4 c5 4. f3 Qa5+ 5. c3 Nf6 6. d5 Qb6 7. Bc1 e6 8. e4
exd5 9. exd5 Be7 10. c4 O-O 11. Bd3 Re8 12. Ne2 d6 13. Nbc3 Nbd7 14. b3 Bf8 15.
O-O g6 16. h3 Bg7 17. Bd2 Qd8 18. f4 a6 19. a4 Nf8 20. Rf3 b6 21. Qc2 h6 22.
Raf1 Ra7 23. g4 Rae7 24. Ng3 Nxg4 25. hxg4 Bxg4 26. f5 Bd4+ 27. Kg2 Bxf3+ 28.
Rxf3 Kh7 29. Nce4 Be5 30. Qc1 1-0

[Event "Bundesliga 1516"]
[Site "Germany"]
[Date "2015.12.13"]
[Round "4.6"]
[White "Laznicka, Viktor"]
[Black "Mista, Aleksander"]
[Result "1-0"]
[WhiteElo "2676"]
[BlackElo "2589"]
[Annotator "CB"]
[PlyCount "83"]
[EventDate "2015.09.18"]
[EventType "team-tourn"]
[EventRounds "15"]
[EventCountry "GER"]
[SourceTitle "CBM 170"]
[Source "ChessBase"]
[SourceDate "2016.01.15"]
[SourceVersion "1"]
[SourceVersionDate "2016.01.15"]
[SourceQuality "1"]
[WhiteTeam "Schwaebisch Hall"]
[BlackTeam "Berlin SF"]
[WhiteTeamCountry "GER"]
[BlackTeamCountry "GER"]

1. d4 Nf6 2. Bg5 d6 3. Bxf6 exf6 4. e3 g6 5. c4 Bg7 6. Nc3 f5 7. g3 {Mit
dieser Variante der Trompowski-Eröffnung hat Weiß eine erstaunlich hohe
Quote erzielt, über 70%.} Nd7 8. Bg2 O-O 9. Nge2 Re8 10. b4 Nf6 11. Qd3 c6 12.
b5 Bd7 13. O-O Qa5 (13... a6 14. bxc6 bxc6 15. Rfb1 Rb8 16. Rxb8 Qxb8 17. Rb1
Qa7 18. Na4 f4 19. gxf4 Bf5 20. Qb3 Bxb1 21. Qxb1 c5 22. Qb7 Re7 23. Qc8+ Re8
24. Qc6 Qb8 25. Nb6 Rd8 26. a4 a5 27. Bf3 h6 28. dxc5 dxc5 29. Qxc5 Qd6 30.
Qxa5 Qd1+ 31. Kg2 Rd2 32. Nd5 Nxd5 33. cxd5 Bf8 34. Qb5 Qa1 35. a5 Rd1 36. a6
Rf1 37. Qc6 Rd1 38. Qb7 Rb1 39. Qc8 Rd1 40. Ng3 Rg1+ 41. Kh3 Rc1 42. Qa8 Qa4
43. Ne4 Ra1 44. d6 Qxa6 45. Qe8 Qf1+ {1-0 (45) Lputian,S (2590)-Fedorowicz,J 
(2525) Chicago 1994}) 14. Rab1 Rac8 15. a4 Be6 16. Rfc1 Nd7 17. Nf4 Nb6 18.
Nce2 cxb5 $6 {Wohl keine gute Idee. In manchen Varianten öffnet sich die
a-Linie und die schwarze Dame kommt ins Gedränge.} (18... d5 $5) 19. Nxe6 bxc4
(19... fxe6 20. axb5 {und es droht neben Ta1 auch Lxb7.}) 20. Qc3 Qxc3 21. Nxc3
fxe6 {[#]} 22. a5 {Nun zeigt sich der Haken der schwarzen Spielweise. Weiß
brichtauf der b-Linie ein.} Na8 23. Bxb7 (23. Rxb7 {war auch nicht schlecht.})
23... Rc7 {[#]} 24. a6 {Befestigt den Läufer und ist auch dem Umwandlunsgfeld
schon einen Schritt näher gerückt. Gegen Sb5 ist schon nicht mehr viel zu
machen.} d5 25. Nb5 Rf7 (25... Rd7 26. Bc6 $18) 26. Nd6 $18 {Die Partie ist
gelaufen, aber der technische Teil ist noch ganz hübsch.} Nc7 27. Nxe8 Nxe8
28. Bc8 Re7 29. Rb7 Kf7 ({Nehmen verbietet sich natürlich.} 29... Rxb7 30.
axb7 {und der Bauer ist durch.}) 30. Rcb1 Nd6 31. Bd7 {Elegant!} ({Das profane
} 31. Rxe7+ {war auch gut:} Kxe7 32. Rb7+ Kd8 33. Rxa7 $1 Kxc8 34. Rxg7 $18)
31... e5 32. Rxa7 exd4 {[#]} 33. Be6+ {Erneut ein souveräner Vortrag. Weiß
erzwingt die Bauernumwandlung.} Kxe6 34. Rxe7+ Kxe7 35. a7 c3 36. a8=Q c2 37.
Ra1 d3 {Schwarz am Zug würde jetzt gewinnen (Lxa1, d2). Es ist allerdings
Weiß am Zug.} 38. Ra7+ Ke6 {Schwarz macht mit und lässt den netten Schluss
zu.} 39. Qg8+ Ke5 40. Qxg7+ Ke4 41. Kg2 c1=Q 42. Qd4# 1-0

[Event "Champions Challenge 139th"]
[Site "playchess.com INT"]
[Date "2006.03.25"]
[Round "2.1"]
[White "Laznicka, Viktor"]
[Black "Solodovnichenko, Yuri"]
[Result "1-0"]
[WhiteElo "2525"]
[BlackElo "2526"]
[PlyCount "91"]
[EventDate "2006.03.25"]
[EventType "k.o. (blitz)"]
[EventRounds "5"]
[EventCountry "GER"]
[SourceTitle "EXT 2007"]
[Source "ChessBase"]
[SourceDate "2006.11.23"]
[SourceVersion "1"]
[SourceVersionDate "2006.11.23"]
[SourceQuality "1"]

1. d4 Nf6 2. Bg5 Ne4 3. Bf4 c5 4. d5 Qb6 5. Bc1 g6 6. f3 Nf6 7. e4 d6 8. c4 Bg7
9. Ne2 e6 10. Nec3 O-O 11. Be2 a6 12. O-O Qc7 13. a4 Nbd7 14. Be3 Rb8 15. Na3
exd5 16. cxd5 Re8 17. Qd2 Nf8 18. Rab1 Bd7 19. b4 cxb4 20. Rxb4 Qa5 21. Rfb1 b5
22. Nc4 bxc4 23. Rxb8 Bxa4 24. Nxa4 Qxa4 25. R8b4 Qa3 26. Bxc4 Nxe4 27. fxe4
Bc3 28. R4b3 Qxb3 29. Rxb3 Bxd2 30. Bxd2 Rxe4 31. Bh6 Rh4 32. Bxf8 Kxf8 33.
Bxa6 Rd4 34. Bb7 f5 35. Bc6 Kg7 36. Rb7+ Kh6 37. Rd7 g5 38. Rxd6+ Kh5 39. Rf6
f4 40. d6 g4 41. d7 g3 42. hxg3 fxg3 43. Kf1 h6 44. Rf8 Rg4 45. d8=Q Rg8 46.
Bf3+ 1-0

[Event "Wch Blitz 8th"]
[Site "Dubai"]
[Date "2014.06.19"]
[Round "11"]
[White "Le, Quang Liem"]
[Black "Cheparinov, Ivan"]
[Result "1-0"]
[WhiteElo "2712"]
[BlackElo "2682"]
[PlyCount "117"]
[EventDate "2014.06.19"]
[EventType "swiss (blitz)"]
[EventRounds "21"]
[EventCountry "UAE"]
[SourceTitle "CBM 160 Extra"]
[Source "ChessBase"]
[SourceDate "2014.07.01"]
[SourceVersion "1"]
[SourceVersionDate "2014.07.01"]
[SourceQuality "1"]

1. d4 Nf6 2. Bg5 d5 3. e3 g6 4. Bxf6 exf6 5. g3 c6 6. Nd2 f5 7. Bg2 Nd7 8. Ne2
Nf6 9. O-O Bd6 10. c4 dxc4 11. Nxc4 Bc7 12. b4 O-O 13. a4 Be6 14. Qc2 a6 15.
Rfc1 Qe7 16. Rab1 Bd5 17. b5 Bxg2 18. Kxg2 cxb5 19. axb5 axb5 20. Rxb5 Ra7 21.
Qb3 Qd7 22. Kg1 Rb8 23. Nc3 h5 24. Nd2 h4 25. Nf3 hxg3 26. hxg3 Kg7 27. Nd5
Nxd5 28. Rxd5 Qe7 29. Qb5 Bd6 30. Ne5 Rba8 31. Kg2 Ra1 32. Rc2 Rh8 33. Qd7 Qxd7
34. Nxd7 Be7 35. Rc7 Rd8 36. Rxb7 Ra6 37. Rdb5 Re6 38. Ne5 Rf8 39. Rd7 Bf6 40.
Nd3 Re7 41. Rbb7 Rxd7 42. Rxd7 Ra8 43. Nc5 Kg8 44. Nb7 Ra7 45. Kf3 Kg7 46. Nc5
Ra2 47. Ne6+ Kg8 48. Nf4 Ra8 49. Nd5 Bg5 50. g4 Kg7 51. gxf5 gxf5 52. Nf4 Kf6
53. Rd6+ Kg7 54. Nh5+ Kh7 55. Rc6 Ra5 56. Rc5 Rxc5 57. dxc5 Kg6 58. c6 Bd8 59.
Nf4+ 1-0

[Event "Paris-ch Blitz"]
[Site "Paris"]
[Date "2015.??.??"]
[Round "4"]
[White "Le Roux, Jean Pierre"]
[Black "Maze, Sebastien"]
[Result "1-0"]
[WhiteElo "2537"]
[BlackElo "2560"]
[PlyCount "75"]
[EventDate "2015.02.28"]
[EventType "swiss (blitz)"]
[EventRounds "9"]
[EventCountry "FRA"]
[SourceTitle "EXT 2016"]
[Source "ChessBase"]
[SourceDate "2015.10.08"]
[SourceVersion "1"]
[SourceVersionDate "2015.10.08"]
[SourceQuality "1"]

1. d4 Nf6 2. Bg5 d5 3. e3 Nbd7 4. Nf3 c5 (4... h6 5. Bf4 g5 6. Bg3 Ne4 7. Nc3
Nxg3 8. hxg3 g4 9. Nd2 Nf6 10. Qe2 c6 11. e4 dxe4 12. O-O-O Bf5 13. Ndxe4 e6
14. f3 Bg7 15. fxg4 Bxe4 16. Nxe4 Nxe4 17. Qxe4 Qd5 18. Qxd5 cxd5 19. Be2 Bf6
20. Rhf1 Be7 21. Bb5+ Kf8 22. Rf3 Kg7 23. Rdf1 Rhf8 24. Be2 Rac8 25. a4 Rc7 26.
Rc3 Rxc3 27. bxc3 Rc8 28. Kb2 Rc6 29. Kb3 Bd6 30. Rf3 Rb6+ 31. Ka2 a6 32. Bd3
Bc7 33. Be2 Rd6 34. Kb3 {Rapport,R (2691)-Aronian,L (2812) Wijk aan Zee 2014 1/
2-1/2}) 5. c4 cxd4 6. exd4 h6 $146 (6... Ne4 7. Be3 g6 8. Nc3 Nxc3 9. bxc3 Qa5
10. Qb3 e6 11. cxd5 exd5 12. Bb5 a6 13. Bxd7+ Bxd7 14. O-O Qb5 15. Qd1 Bg7 16.
Rb1 Qc6 17. Ne5 Qc8 18. Qb3 Bc6 19. c4 Bxe5 20. cxd5 Bg7 21. dxc6 bxc6 22. d5
O-O 23. Rfc1 c5 24. Bxc5 Re8 25. Be7 Qf5 26. d6 Bf8 27. Bxf8 Rxf8 28. Rc7 Rad8
29. Rd1 Rfe8 30. Re7 Rf8 31. h3 h5 32. d7 Qf6 33. Qe3 Kg7 34. f4 Kg8 35. Kh2
Qc6 36. Qe5 {Berg,K (2440)-Foerster,A (2214) Hamburg 2009 1-0}) 7. Bh4 dxc4 8.
Bxc4 Nb6 9. Bb3 e6 10. O-O Be7 11. Nc3 O-O 12. Ne5 Bd7 13. Re1 Bc6 14. Nxf7
Rxf7 15. Bxe6 g5 16. Bg3 Kg7 17. Be5 Bd6 18. Bxf7 Kxf7 19. Qb3+ Nbd5 20. Re3
Be7 21. Rae1 Qd7 22. Rg3 Re8 23. Qc2 Bd8 24. h4 g4 25. Ne4 Nxe4 26. Qxe4 Nf6
27. Qf4 h5 28. Kh2 Qd5 $6 29. f3 Rg8 30. Rf1 Ke6 31. fxg4 Rf8 32. Qf5+ Ke7 33.
Bxf6+ Rxf6 34. Qxf6+ Kd7 35. Qf5+ Qxf5 36. gxf5 Bxh4 37. Rh3 Bf6 38. Rxh5 1-0

[Event "Paris-ch Blitz"]
[Site "Paris"]
[Date "2015.02.28"]
[Round "9"]
[White "Le Roux, Jean Pierre"]
[Black "Fedorchuk, Sergey A"]
[Result "1-0"]
[WhiteElo "2537"]
[BlackElo "2650"]
[PlyCount "22"]
[EventDate "2015.02.28"]
[EventType "swiss (blitz)"]
[EventRounds "9"]
[EventCountry "FRA"]
[SourceTitle "EXT 2016"]
[Source "ChessBase"]
[SourceDate "2015.10.08"]
[SourceVersion "1"]
[SourceVersionDate "2015.10.08"]
[SourceQuality "1"]

1. d4 Nf6 2. Bg5 e6 3. e4 h6 4. c3 d5 5. Nd2 c5 6. Ngf3 Bd7 7. Bb5 Bxb5 8. Qe2
Qd7 9. Qxb5 Nc6 10. Qe2 Be7 11. O-O O-O {...} 1-0

[Event "Reunion IBM op"]
[Site "Reunion"]
[Date "1997.??.??"]
[Round "9"]
[White "Legky, Nikolay A"]
[Black "Kosten, Anthony C"]
[Result "1-0"]
[WhiteElo "2530"]
[BlackElo "2535"]
[Annotator "Bulletin"]
[PlyCount "51"]
[EventDate "1997.??.??"]
[EventType "swiss"]
[EventRounds "9"]
[EventCountry "FRA"]
[SourceTitle "EXT 1998"]
[Source "ChessBase"]
[SourceDate "1997.11.17"]
[SourceVersion "1"]
[SourceVersionDate "1997.11.17"]
[SourceQuality "1"]

1. d4 Nf6 2. Bg5 d5 3. e3 Nbd7 4. c4 c6 5. Nc3 Qa5 6. Nf3 Ne4 7. cxd5 cxd5 8.
Bd3 f6 9. Bh4 Nxc3 10. bxc3 Qxc3+ 11. Kf1 g6 12. Bg3 Bg7 13. h4 O-O 14. h5 g5
15. h6 Bh8 16. Rc1 Qb2 {[#]} 17. Nxg5 fxg5 18. Bxh7+ Kf7 (18... Kxh7 19. Qd3+
Kg8 20. Qg6+) 19. Qh5+ Ke6 20. Qg6+ Bf6 (20... Nf6 21. Qf5+ Kf7 22. Bg6+ Kg8
23. Rxc8 Qa1+ (23... Raxc8 24. Qe6+ Rf7 25. Qxf7#) 24. Ke2 Qxa2+ 25. Kd1 Qa4+
26. Rc2 Qa1+ 27. Rc1 Qa4+ 28. Ke1 Qa5+ 29. Kf1 Qa6+ 30. Kg1 $16) 21. Bg8+ Rxg8
22. Qxg8+ Kf5 23. Qxd5+ Ne5 24. e4+ Kg4 (24... Kg6 25. Qg8+ Bg7 26. Qxg7#) 25.
Re1 e6 {[#]} 26. Bxe5 1-0